Звичайний вигляд Перегляд у МАРК

Входження „Corporate Name“

Кількість записів, які використовуються: 1

001 - CONTROL NUMBER

  • control field: 25718

003 - CONTROL NUMBER IDENTIFIER

  • control field: UA-OsUOA

005 - DATE AND TIME OF LATEST TRANSACTION

  • control field: 20260629153014.0

008 - FIXED-LENGTH DATA ELEMENTS

  • fixed length control field: 260629|| aca||aabn | a|a d

040 ## - CATALOGING SOURCE

  • Original cataloging agency: UA-OsUOA
  • Transcribing agency: UA-OsUOA

110 ## - HEADING--CORPORATE NAME

  • Corporate name or jurisdiction name as entry element: Національна академія нау України
  • Subordinate unit: Інститут історії України

670 ## - SOURCE DATA FOUND

  • Source citation: Work cat.: (UA-OsUOA)438196: Лісевич І. Т. 25717, Родом з України... (польська національна меншина і культурне життя на Наддніпрянській Україні у другій половині ХІХ – на початку ХХ ст.), 1995